Sports Quiz

Random Sports or Cricket Quiz
Score 0/13 Timer 06:00
0 Plays Today
Question Answer Wrong Answers
GAME 5: AUSTRALIA vs ENGLAND (WACA, 9/12/1990) ???
87.5%
???
12.5%
???
0%
???
0%
GAME 7: ENGLAND vs NEW ZEALAND (SCG, 13/12/1990) ???
75%
???
0%
???
12.5%
???
12.5%
GAME 2: NEW ZEALAND vs ENGLAND (Adelaide Oval, 1/12/1990) ???
50%
???
37.5%
???
0%
???
12.5%
GAME 10: AUSTRALIA vs NEW ZEALAND (Bellerive Oval, 18/12/1990) ???
50%
???
0%
???
50%
???
0%
GAME 12: AUSTRALIA vs ENGLAND (MCG, 10/1/1990) ???
50%
???
12.5%
???
37.5%
???
0%
GAME 6: AUSTRALIA vs NEW ZEALAND (MCG, 11/12/1990) ???
50%
???
25%
???
25%
???
0%
GAME 8: NEW ZEALAND vs ENGLAND (Gabba, 15/12/1990) ???
37.5%
???
25%
???
12.5%
???
25%
GAME 9: AUSTRALIA vs ENGLAND (SCG, 16/12/1990) ???
37.5%
???
25%
???
37.5%
???
0%
GAME 4: ENGLAND vs NEW ZEALAND (WACA, 7/12/1990) ???
25%
???
62.5%
???
12.5%
???
0%
GAME 11: AUSTRALIA vs ENGLAND (SCG, 1/1/1991) ???
25%
???
37.5%
???
25%
???
12.5%
PLAYER OF THE SERIES (Preliminary Matches) ???
12.5%
???
75%
???
12.5%
???
0%
GAME 3: AUSTRALIA vs NEW ZEALAND (Adelaide Oval, 2/12/1990) ???
12.5%
???
12.5%
???
25%
???
50%
GAME 1: AUSTRALIA vs NEW ZEALAND (SCG, 29/11/1990) ???
0%
???
62.5%
???
12.5%
???
25%
Remove Ads.
Support Sporcle.
Get the best of Sporcle when you Go Orange. This ad-free experience offers more features, more stats, and more fun while also helping to support Sporcle. Thank you for becoming a member.

You're not logged in!

Compare scores with friends on all Sporcle quizzes.
OR
Log In

Sporcle TV

Today on Sporcle TV


Watch our educational content, quiz creation guides, and fun videos on Sporcle TV.

Show Comments

Extras

Top Quizzes Today


Score Distribution

Paid Content

Your Account Isn't Verified!

In order to create a playlist on Sporcle, you need to verify the email address you used during registration. Go to your Sporcle Settings to finish the process.

Report this User

Report this user for behavior that violates our Community Guidelines.

Details: